000 00746nam a2200181Ia 4500
008 151018s9999 xx 000 0 und d
082 _bRBASDV47884
_a351.3
100 _aबिचार दास
245 _aराहाभाषा हिंदी साक्षात्कार परीक्षा
250 _b1
260 _bभावना प्रकाशन धुळे
_c2007
300 _a80
600 _aबिचार दास
630 _aराहाभाषा हिंदी साक्षात्कार परीक्षा
700 _aबिचार दास
730 _aराहाभाषा हिंदी साक्षात्कार परीक्षा
942 _cBOOK
999 _c1047014
_d1047011